Quality assurance in construction (Record no. 115912)
[ view plain ]
| 000 -LEADER | |
|---|---|
| fixed length control field | 01614cam a22002895a 4500 |
| 001 - CONTROL NUMBER | |
| control field | L159452 |
| 008 - FIXED-LENGTH DATA ELEMENTS--GENERAL INFORMATION | |
| fixed length control field | 170725s2016 xxk f 000 0 eng d |
| 020 ## - INTERNATIONAL STANDARD BOOK NUMBER | |
| International Standard Book Number | 9781315245522 |
| 035 ## - SYSTEM CONTROL NUMBER | |
| System control number | (Sirsi) u159452 |
| 041 ## - LANGUAGE CODE | |
| Language code of text/sound track or separate title | eng |
| 050 ## - LIBRARY OF CONGRESS CALL NUMBER | |
| Classification number | 690.3 |
| 100 ## - MAIN ENTRY--PERSONAL NAME | |
| Personal name | Thorpe, Brian |
| 245 ## - TITLE STATEMENT | |
| Title | Quality assurance in construction |
| Medium | [electronic resource] |
| 250 ## - EDITION STATEMENT | |
| Edition statement | 2nd ed. |
| 260 ## - PUBLICATION, DISTRIBUTION, ETC. | |
| Place of publication, distribution, etc. | Abingdon |
| Name of publisher, distributor, etc. | Routledge |
| Date of publication, distribution, etc. | 2016 |
| 300 ## - PHYSICAL DESCRIPTION | |
| Extent | ebook |
| 520 ## - SUMMARY, ETC. | |
| Summary, etc. | The need for quality assurance in construction is now widely accepted. As a result, pressure is currently being applied to contractors and those offering professional services to demonstrate QA capability prior to commission. This book, written by experts in the field of quality management, shows how construction companies can effectively apply QA within their own organization. It pinpoints the real benefits to be gained from developing well-structured systems and offers practical guidance on implementation techniques. Inevitably, quality management standards play an important role in helping to define the requirements of any QA system. With this in mind the authors provide a detailed analysis of ISO 9000 - 1994 and its implementation. |
| 650 ## - SUBJECT ADDED ENTRY--TOPICAL TERM | |
| Topical term or geographic name entry element | BUILDING INDUSTRY |
| 650 ## - SUBJECT ADDED ENTRY--TOPICAL TERM | |
| Topical term or geographic name entry element | CONSTRUCTION (DESIGN AND MANAGEMENT) REGULATIONS 1994 |
| 650 ## - SUBJECT ADDED ENTRY--TOPICAL TERM | |
| Topical term or geographic name entry element | QUALITY ASSURANCE |
| 651 #4 - SUBJECT ADDED ENTRY--GEOGRAPHIC NAME | |
| Geographic name | ENGLAND AND WALES |
| 690 ## - LOCAL SUBJECT ADDED ENTRY--TOPICAL TERM (OCLC, RLIN) | |
| Topical term or geographic name as entry element | MANAGEMENT-BUSINESS MANAGEMENT-PROFESSIONAL PRACTICE |
| 700 ## - ADDED ENTRY--PERSONAL NAME | |
| Personal name | Sumner, Peter |
| 700 ## - ADDED ENTRY--PERSONAL NAME | |
| Personal name | Duncan, John |
| 856 40 - ELECTRONIC LOCATION AND ACCESS | |
| Uniform Resource Identifier | <a href="https://www.vlebooks.com/">https://www.vlebooks.com/</a> |
| Public note | View on VLEbooks. Logins for members only from [email protected] |
| 942 ## - ADDED ENTRY ELEMENTS (KOHA) | |
| Suppress in OPAC | 0 |
| Withdrawn status | Lost status | Source of classification or shelving scheme | Damaged status | Not for loan | Home library | Current library | Shelving location | Date acquired | Total Checkouts | Full call number | Barcode | Date last seen | Copy number | Price effective from | Koha item type |
|---|---|---|---|---|---|---|---|---|---|---|---|---|---|---|---|
| Dewey Decimal Classification | Virtual | Virtual | Online | 25/07/2017 | ONLINE PUBLICATION | 159452-2001 | 06/08/2019 | 1 | 06/08/2019 | Book |